ՀՀ Գիտությունների ազգային ակադեմիայի հիմնարար գիտական գրադարան  =   Fundamental Scientific Library of NAS RA

Ակտ կամ տարեկան հանդէս Ներսիսեան հոգևոր դպրոցի հայոց Թիֆլիզոյ. (Record no. 121896)

MARC details
000 -LEADER
fixed length control field 00547nam a2200169 u 4500
001 - CONTROL NUMBER
control field 000326600
003 - CONTROL NUMBER IDENTIFIER
control field AM-YeHGA
005 - DATE AND TIME OF LATEST TRANSACTION
control field 20250617130650.0
008 - FIXED-LENGTH DATA ELEMENTS--GENERAL INFORMATION
fixed length control field 040413s1853 ||| r 000 0 arm d
040 ## - CATALOGING SOURCE
Original cataloging agency AM-YeHGA
041 0# - LANGUAGE CODE
Language code of text/sound track or separate title arm
090 ## - LOCALLY ASSIGNED LC-TYPE CALL NUMBER (OCLC); LOCAL CALL NUMBER (RLIN)
-- 123249
245 00 - TITLE STATEMENT
Title Ակտ կամ տարեկան հանդէս Ներսիսեան հոգևոր դպրոցի հայոց Թիֆլիզոյ.
260 ## - PUBLICATION, DISTRIBUTION, ETC.
Place of publication, distribution, etc. Թիֆլիզ :
Name of publisher, distributor, etc. Ներսիսեան դպրոց,
Date of publication, distribution, etc. 1853.
300 ## - PHYSICAL DESCRIPTION
Extent 48 էջ.
653 0# - INDEX TERM--UNCONTROLLED
Uncontrolled term Ներսիսյան հայոց հոգևոր դպրոց
Holdings
Withdrawn status Lost status Damaged status Not for loan Collection Home library Current library Date acquired Total checkouts Full call number Barcode Date last seen Price effective from Koha item type Public note
        General Fundamental Scientific Library Fundamental Scientific Library 22/12/2016   372/373(479.25) 220068014 22/12/2016 22/12/2016 Գրքեր / Books 30 Days Loan


ՀՀ ԳԱԱ հիմնարար գիտական գրադարան
ՀՀ,Երևան 0019
Մարշալ Բաղրամյան 24/6
հեռախոս:(374-10) 52-47-50
Հետադարձ կապ

All site content, except where otherwise noted, is licensed under a
Creative Commons License